Score 0/16 Timer 03:00
0 Plays Today
clue answer % Correct
Carey MulliganPrejudice
91.9%
Tobey MaguireSpider
91%
Leonardo DiCaprioIron
89%
Leonardo DiCaprioEating
85.1%
Leonardo DiCaprioGangs
84.3%
Leonardo DiCaprioDjango
78.8%
Isla FisherConfessions
76.8%
Tobey MaguireCider
71.8%
clue answer % Correct
Isla FisherCrashers
69.1%
Carey MulliganMoney
64.6%
Carey MulliganPublic
58.8%
Carey MulliganNever
56.3%
Isla FisherHot
49.3%
Isla FisherGuardians
29.1%
Tobey MaguireBoys
24.7%
Tobey MaguireIce
22.3%

Today's Daily Dose

Missing Word
Train Books

Word Ladder
Piano Man

Quick Pick
Google Products

Get the Picture
Moana or Coco

Remove Ads.
Support Sporcle.
Get the best of Sporcle when you Go Orange. This ad-free experience offers more features, more stats, and more fun while also helping to support Sporcle. Thank you for becoming a member.

You're not logged in!

Compare scores with friends on all Sporcle quizzes.
OR
Log In

Show Comments

Extras

Top Quizzes Today


Score Distribution

Your Account Isn't Verified!

In order to create a playlist on Sporcle, you need to verify the email address you used during registration. Go to your Sporcle Settings to finish the process.

Report this User

Report this user for behavior that violates our Community Guidelines.

Details: